Anagrammes de prénoms - Statistiques

Statistiques générales
  • Ce quiz a été pris 347 fois
  • Le résultat moyen est 12 sur 25
Statistiques - réponses
Question Réponse % Correct
Noel Léon
97%
nage Ange
83%
ale Léa
82%
lien Line
72%
maire Marie
72%
laine Aline
66%
andine Nadine
62%
gérés Serge
61%
sein Inès
54%
naine Annie
53%
élimé Emile
53%
carmel Marcel
50%
coline Nicole
49%
ducale Claude
42%
bonite Benoit
40%
lachers Charles
38%
sidéen Denise
38%
abeilles Isabelle
35%
marelle Armelle
31%
graminée Germaine
31%
étonnai Antoine
28%
éliminé Emilien
27%
minaret Martine
22%
laminée Mélanie
18%
plagiée Pélagie
17%
Aucun quiz correspondant
Distribution des résultats
% des personnes avec chaque résultat
Percentile par nombre de réponses
Votre historique - résultats
Vous n’avez pas pris ce quiz